Normal view MARC view
  • Morris, Richard B.

Entry Nombre Personal

Number of records used in: 1

001 - NUMERO DE CONTROL

  • campo de control: 49114

003 - IDENTIFICADOR DE NUMERO DE CONTROL

  • campo de control: DLC

005 - FECHA Y HORA DE LA ÜLTIMA TRANSACCIÓN

  • campo de control: 20230531124434.0

008 - DATOS DE LONGITUD FIJA

  • campo de control de longitud fija: 790228n| azannaabn |a aaa

010 ## - NÚMERO DE CONTROL DE LA BIBLIOTECA DEL CONGRESO

  • Número de control LC: n 79018086

035 ## - NUMERO DE CONTROL

  • Número de control: (OCoLC)oca00251941

040 ## - FUENTE DE CATALOGACIÓN

  • Agencia original de catalogación: DLC
  • Lenguaje de catalogación: spa
  • Description conventions: rda
  • Agencia de transcripción: DLC
  • Agencia que lo modifica: DLC
  • Agencia que lo modifica: OkU
  • Agencia que lo modifica: DLC
  • Agencia que lo modifica: NNC
  • Agencia que lo modifica: DLC
  • Agencia que lo modifica: MX-MxUPN

046 ## - FECHAS CON CODIFICACIÓN ESPECIAL

  • Fecha de nacimiento: 19040724
  • Fecha de muerte: 19890303

100 1# - ENCABEZAMIENTO - NOMBRE PERSONAL

  • Nombre personal: Morris, Richard B.
  • Fuller form of name: (Richard Brandon),
  • Fechas asociadas con el nombre: 1904-1989

370 ## - LUGAR ASOCIADO

  • Place of birth: Nueva York
  • Place of death: Nueva York

372 ## - CAMPO DE ACTIVIDAD

  • Field of activity: Estados Unidos -- Historia

373 ## - GRUPO ASOCIADO

  • Associated group: College of the City of New York (1926-1961). City College
  • Fuente del término: naf
  • Start period: 1927
  • End period: 1949

373 ## - GRUPO ASOCIADO

  • Associated group: Columbia University
  • Fuente del término: naf

374 ## - OCUPACIÓN

  • Occupation: Profesor universitario
  • Occupation: Historiador

378 ## - FORMA COMPLETA DE NOMBRE PERSONAL

  • Fuller form of personal name: Richard Brandon

400 1# - VEÁSE - NOMBRE DE PERSONA

  • Personal name: Morris, Richard Brandon,
  • Dates associated with a name: 1904-1989

670 ## - FUENTE EN LA QUE SE LOCALIZARON DATOS

  • Cita de la fuente: Schapiro, J. S. Civilization in Europe ... c1928.

670 ## - FUENTE EN LA QUE SE LOCALIZARON DATOS

  • Cita de la fuente: Government and labor in early America, 1981:
  • Información localizada: t.p. (Richard B. Morris)

670 ## - FUENTE EN LA QUE SE LOCALIZARON DATOS

  • Cita de la fuente: George Washington, 1986:
  • Información localizada: CIP t.p. (Richard B. Morris)

670 ## - FUENTE EN LA QUE SE LOCALIZARON DATOS

  • Cita de la fuente: Ranlet, P., Richard B. Morris and American history in the twentieth century, c2004:
  • Información localizada: p. 1, etc. (b. July 24, 1904, New York City; d. Mar. 3, 1989)

670 ## - FUENTE EN LA QUE SE LOCALIZARON DATOS

  • Cita de la fuente: Information from 678 converted Jan. 5, 2015
  • Información localizada: (b. July 24)

670 ## - FUENTE EN LA QUE SE LOCALIZARON DATOS

  • Cita de la fuente: Encyclopaedia Britannica, via WWW, viewed July 10, 2015
  • Información localizada: (Richard B. Morris, (born July 24, 1904, New York City-died March 3, 1989, New York City; After teaching at City College of New York (1927-49), he taught history at Columbia University; American educator and historian, known for his works on early American history)

902 ## - CATALOGADOR

  • Catalogador: Víctor Ruiz/310523